Power of consciousness / (Record no. 150680)

MARC details
000 -LEADER
fixed length control field 00658nam a22002057a 4500
005 - DATE AND TIME OF LATEST TRANSACTION
control field 20180412105833.0
010 ## - LCCN (DPL NO)
LC control number ENG-122454
020 ## - INTERNATIONAL STANDARD BOOK NUMBER
International Standard Book Number 9788171393466
Terms of availability 800.00
035 ## - SYSTEM CONTROL NUMBER
System control number EN-105986
037 ## - SOURCE OF ACQUISITION
Source of stock number/acquisition DBAD/PUB
082 ## - DEWEY DECIMAL CLASSIFICATION NUMBER
Classification number 126
245 ## - TITLE STATEMENT
Title Power of consciousness /
Statement of responsibility, etc ed. by Anand Sidhartha [and] Priya Ranjan Trivedi
260 ## - PUBLICATION, DISTRIBUTION, ETC. (IMPRINT)
Place of publication, distribution, etc New Delhi
Name of publisher, distributor, etc Jnanada Prakashan (P&D)
Date of publication, distribution, etc 2010
270 ## - ADDRESS
Address 4837/2, 24, Ansari Road, Daryaganj,
City New Delhi
Postal code 110002
300 ## - PHYSICAL DESCRIPTION
Extent 262p.
Other physical details ill.
Dimensions 21cm(Hb)
500 ## - GENERAL NOTE
General note Includes bibliography [and] index
700 ## - ADDED ENTRY--PERSONAL NAME
Dates associated with a name Sidhartha, Anand
700 ## - ADDED ENTRY--PERSONAL NAME
Dates associated with a name Trivedi, Priya Ranjan
942 ## - ADDED ENTRY ELEMENTS (KOHA)
Source of classification or shelving scheme Dewey Decimal Classification
Item type English Books
Call number suffix POW
Classification part 126
Holdings
Withdrawn status Lost status Not for loan Collection code Home library Current library Date acquired Source of acquisition Cost, normal purchase price Full call number Barcode Copy number Cost, replacement price Koha item type
      Non-fiction Shahdara Branch Shahdara Branch 03/04/2018 DBAD/PUB 800.00 126 POW EN-105986 1 800.00 English Books

© Delhi Public Library
Hit Counter
free hit counter